Music Quiz

Random Music or Canada Quiz
Score 0/59 Timer 10:00
0 Plays Today
A Song From Each Band/Artist Answer % Correct
My Heart Will Go OnCeline Dion
93.2%
(Everything I Do) I Do It For YouBryan Adams
77%
Ironic Alanis Morissette
76%
That Don't Impress Me MuchShania Twain
73.6%
Hotline BlingDrake
72.5%
Call Me MaybeCarly Rae Jepsen
72.4%
How You Remind MeNickelback
69.3%
Heart Of GoldNeil Young
69.2%
Big Yellow TaxiJoni Mitchell
68.7%
RudeMagic!
66.7%
Tom SawyerRush
66.6%
The Safety DanceMen Without Hats
66%
HallelujahLeonard Cohen
63.5%
Can't Feel My FaceThe Weeknd
58.7%
One WeekBarenaked Ladies
58.4%
GirlfriendAvril Lavigne
57%
American WomanThe Guess Who
56.3%
Love YourselfJustin Bieber
55.6%
Mmm Mmm Mmm MmmCrash Test Dummies
54.9%
You Ain't Seen Nothing YetBachman-Turner Overdrive
54.8%
PromiscuousNelly Furtado
54.2%
Bad DayDaniel Powter
51.2%
The WeightThe Band
49.2%
Sunglasses At NightCorey Hart
46.5%
Steal My SunshineLen
45.1%
Seasons In The SunTerry Jacks
44.2%
She's So HighTal Bachman
43.5%
Constant Cravingk.d lang
43.4%
Working For The WeekendLoverboy
42.9%
Life Is A HighwayTom Cochrane
42.9%
A Song From Each Band/Artist Answer % Correct
InformerSnow
42.8%
Black VelvetAlannah Myles
42.7%
Fat LipSum 41
42%
Haven't Met You YetMichael Bublé
41.5%
Señorita (With Camila Cabello)Shawn Mendes
37.9%
The Wreck Of The Edmund FitzgeraldGordon Lightfoot
32.9%
ReflektorArcade Fire
30.2%
DianaPaul Anka
29%
Echo BeachMartha And The Muffins
27.5%
You Needed MeAnne Murray
25.8%
Scars To Your BeautifulAlessia Cara
24.2%
AngelSarah McLachlan
20.2%
Rock Me GentlyAndy Kim
19.6%
Welcome To My LifeSimple Plan
17.5%
Drinking In L.ABran Van 3000
15.7%
Sweet City WomanThe Stampeders
15.2%
I Hate Everything About YouThree Days Grace
14.1%
Theme from A Summer Place (1960 Cover)Percy Faith
13.1%
Ghost's 'N' StuffDeadmau5
10.8%
Closer Tegan And Sara
8.9%
Wondering Where The Lions AreBruce Cockburn
7.1%
There's A Ghost In My HouseR Dean Taylor
6.3%
Sometimes When We TouchDan Hill
6.1%
Don't Wanna Fall In LoveJane Child
3.6%
When I'm With YouSheriff
3.3%
From New York To L.APatsy Gallant
3%
Superman's DeadOur Lady In Peace
2.2%
Not In Love (Feat. Robert Smith)Crystal Castles
2%
You Broke Me FirstTate McRae
0%
Remove Ads.
Support Sporcle.
Get the best of Sporcle when you Go Orange. This ad-free experience offers more features, more stats, and more fun while also helping to support Sporcle. Thank you for becoming a member.

You're not logged in!

Compare scores with friends on all Sporcle quizzes.
OR
Log In

Show Comments

Extras

Top Quizzes Today


Score Distribution

Your Account Isn't Verified!

In order to create a playlist on Sporcle, you need to verify the email address you used during registration. Go to your Sporcle Settings to finish the process.

Report this User

Report this user for behavior that violates our Community Guidelines.

Details: